000 00971nam0a22003131 4500
001 RU\NLR\A1SV\132874
005 20251203171251.9
035 _a(NLR Aleph) 010571286
090 _a10425223
_c10425223
100 _a20141215d1925 u y0rusy50 ca
101 1 _arus
_ceng
102 _aRU
200 1 _aСчастье
_d(The clean heart)
_eРоман
_fА.С.М.Хэтчинсон A.S.M.Hutchinson
_gПер. А.В.Лучинской
210 _aЛ.
_cМысль
_d1925
215 _a340, [2] с.
_d17 см
620 _dСанкт-Петербург
700 1 _6z01790
_aХэтчинсон
_bА.С.М.
_f1880-1971
_gАртур Стюарт Ментес
702 1 _aЛучинская
_bА.В.
790 1 _6z01700
_aHutchinson
_bA.S.M.
801 0 _aRU
_bNLR
_c20141215
852 _aNLR
_j19/226
852 _aNLR
_j19/226а
899 _aСамОУНБ
899 _aРГБ
899 _aКирОУНБ
942 _cBOOK
980 _aNB
980 _aA1SV